000 00681nam a2200217Ia 4500
003 OSt
005 20230524152747.0
008 210423s2009 xx 000 0 und d
020 _a978-81-203-2615-6
040 _cAL
041 _aeng
082 _a658.049 PUNI
_223
100 _aPUNNETT (Betty Jane).
_9112804
245 _aInternational perspectives on organizational behavior and human resource management.
260 _aNew Delhi
_bPHI Learning Pvt Ltd
_c2009
300 _axiii,285
_bPB
365 _b250
_cINR
650 _aManagement
_9112805
906 _abehavior ; human ; International ; management. ; organizational ; perspectives ; resource
942 _2ddc
_cBK
999 _c165458
_d165458